| 000 | 00876pam a2200253 a 4500 | ||
|---|---|---|---|
| 001 | 3998369 | ||
| 005 | 20180116075657.0 | ||
| 008 | 960621s1997 caua b 001 0 eng | ||
| 010 | _a 96025310 | ||
| 020 | _a0803952651 (pbk. : acidfree paper) | ||
| 020 | _a0803952643 (cloth : acidfree paper) | ||
| 040 |
_aDLC _cDLC _dDLC |
||
| 041 | _aeng | ||
| 043 | _an-us--- | ||
| 080 | _a361.61072 PAT | ||
| 082 | 0 | 0 |
_a361.61072 PAT _220 |
| 100 | 1 | _a19 | |
| 101 | _aPOL | ||
| 245 | 1 | 0 |
_aUtilization-focused evaluation : _cMichael Quinn Patton. |
| 504 | _aIncludes bibliographical references (p. 387-413) and index. | ||
| 906 |
_a7 _bcbu _corignew _d1 _eocip _f19 _gy-gencatlg |
||
| 942 |
_2ddc _cBK |
||
| 999 |
_c40372 _d40372 |
||